00982cam a22003494i 4500003000900000005001700009008004100026020001500067035002700082040003300109082002200142100002700164245004200191264007700233300003800310336002100348337002500369338002300394505009700417526001000514526001000524526001000534526001000544526000800554526000800562526000800570526000800578526000800586526000800594526000800602650002200610PE-LiUPU20250731173534.0150616s r 000 0 d a0802806643 a(Sirsi) i9780802806642 aPE-LiUPUbspacPE-LiUPUerda04a241.1742bT892211 aVerhey, Allen,eautor.10aTheological Voices in Medical Ethics. 1aGrand Rapids, Michigan :bWilliam B. Eerdmans Publishing Company,c1993. a256 páginas ;c22 centímetros atext2rdacontent aunmediated2rdamedia avolume2rdacarrier0 aRediscoverin religious traditions in medical ethics.- A covenat-Centered ethic for medicine. aSEG42 aSEG41 aSEG40 aSEG39 aP94 aP87 aP86 aP85 aP77 aP76 aP3514aÉtica médica.